Профессор Томского технологического института Л. Л. Тове - одна из первых жертв смуты 1917 г.; Известия Томского политехнического университета [Известия ТПУ]; Т. 322, № 6 : Экономика. Философия, социология и культурология. История

Podrobná bibliografie
Parent link:Известия Томского политехнического университета [Известия ТПУ]/ Томский политехнический университет (ТПУ).— , 2000-
Т. 322, № 6 : Экономика. Философия, социология и культурология. История.— 2013.— [С. 131-135]
Hlavní autor: Звягин С. П. Сергей Павлович
Shrnutí:Заглавие с титульного листа
Электронная версия печатной публикации
На основе широкого круга разнообразных источников изучена научная и административная деятельность горного инженера, профессора Томского технологического института Л. Л. Тове в период острых общественно-политических перемен начала XX в.
Jazyk:ruština
Vydáno: 2013
Edice:История
Témata:
On-line přístup:http://earchive.tpu.ru/bitstream/11683/4869/1/bulletin_tpu-2013-322-6-28.pdf
Médium: MixedMaterials Elektronický zdroj Kapitola
KOHA link:https://koha.lib.tpu.ru/cgi-bin/koha/opac-detail.pl?biblionumber=241342

MARC

LEADER 00000nla2a2200000 4500
001 241342
005 20231101231815.0
035 |a (RuTPU)RU\TPU\book\262609 
035 |a RU\TPU\book\262608 
090 |a 241342 
100 |a 20130710d2013 k y0rusy50 ca 
101 0 |a rus 
102 |a RU 
135 |a drnn ---uucaa 
181 0 |a i  
182 0 |a b 
200 1 |a Профессор Томского технологического института Л. Л. Тове - одна из первых жертв смуты 1917 г.  |b Электронный ресурс  |f С. П. Звягин 
203 |a Текст  |c электронный 
215 |a 1 файл (79 Кб) 
225 1 |a История 
230 |a Электронные текстовые данные (1 файл : 79 Кб) 
300 |a Заглавие с титульного листа 
300 |a Электронная версия печатной публикации 
320 |a [Библиогр.: с. 135 (36 назв.)] 
330 |a На основе широкого круга разнообразных источников изучена научная и административная деятельность горного инженера, профессора Томского технологического института Л. Л. Тове в период острых общественно-политических перемен начала XX в. 
337 |a Adobe Reader 
461 1 |0 (RuTPU)RU\TPU\book\176237  |t Известия Томского политехнического университета [Известия ТПУ]  |f Томский политехнический университет (ТПУ)  |d 2000- 
463 1 |0 (RuTPU)RU\TPU\book\262503  |x 1684-8519  |t Т. 322, № 6 : Экономика. Философия, социология и культурология. История  |v [С. 131-135]  |d 2013  |p 195 с. 
600 1 |a Тове  |b Л. Л.  |c горный инженер  |f 1867-1917  |g Лев Львович  |c исполняющий должность экстраординарного профессора по кафедре горного искусства Томского технологического института  |y Томск  |2 stltpush  |3 (RuTPU)RU\TPU\pers\7963 
601 0 2 |a Томский технологический институт (ТТИ)  |c (1896-1923)  |2 stltpush  |3 (RuTPU)RU\TPU\col\9244 
610 1 |a история 
610 1 |a 20 век 
610 1 |a Смута 
610 1 |a жертвы 
610 1 |a профессора 
610 1 |a горные инженеры 
610 1 |a российские ученые 
610 1 |a воспоминания 
610 1 |a педагогическая деятельность 
610 1 |a научно-исследовательская работа 
610 1 |a самоубийство 
610 1 |a революция 
610 1 |a труды учёных ТПУ 
610 1 |a электронный ресурс 
700 1 |a Звягин  |b С. П.  |c историк  |c профессор Юргинского технологического института Томского политехнического университета  |f 1959-  |g Сергей Павлович  |2 stltpush  |3 (RuTPU)RU\TPU\pers\30466  |9 14791 
801 1 |a RU  |b 63413507  |c 20090623  |g PSBO 
801 2 |a RU  |b 63413507  |c 20220204  |g PSBO 
856 4 |u http://earchive.tpu.ru/bitstream/11683/4869/1/bulletin_tpu-2013-322-6-28.pdf 
942 |c CF